000 00948cab a22002295a 4500
001 L157218
008 121001e20120120xxk 000 0 eng d
035 _a(Sirsi) u157218
041 0 _aeng
100 1 _aHayman, Allister
245 0 0 _aEnergy boost for Interserve
_bbusiness barometer
260 _c2012
490 _aBuilding
_v277 (8745) 21 September 2012, 18-19(2)
520 _aOverview; tables of top contractors including and excluding civils for August 2012; yearly work won including and excluding civils September 2011-August 2012; top architects and top quantity surveyors September 2011-August 2012 using information from Barbour ABI. Also comments on the private sector, the commercial retail index, and the CPA/Barbour ABI Index.
590 _aKA
651 4 _aUnited Kingdom
_y
690 _aContracts
_96232
690 _aConstruction management
_96230
700 1 _aGreen, Brian
700 1 _aFrancis, Noble
942 _n0
999 _c84303
_d84303